Financiamiento de proyectos: técnicas modernas de ingeniería económica

Uloženo v:
Podrobná bibliografie
Hlavní autor: Finnerty, John D (Autor)
Médium: Kniha
Jazyk:španělština
Vydáno: Ciudad de México Prentice Hall 1998
Témata:
Tagy: Přidat tag
Žádné tagy, Buďte první, kdo vytvoří štítek k tomuto záznamu!

MARC

LEADER 00000nam a2200000 a 4500
001 UCP5622
003 CL-VaPUC
008 990927e19980000MX |||||||||||||||||spa|d
082 0 4 |a 658.404  |b FIN  |2 21 
100 0 |a Finnerty, John D  |e author  |9 434100 
245 1 0 |a Financiamiento de proyectos: técnicas modernas de ingeniería económica 
300 |a 382 p 
942 |c BK 
945 |d 19990927 00:00:00  |a rbrito 
260 |a Ciudad de México  |b Prentice Hall  |c 1998 
650 0 |a Proyectos  |9 337967 
650 0 |a Gestión administrativa  |9 375217 
650 0 |a Análisis de proyectos   |9 434101 
650 0 |a Aspectos económicos  |9 255165 
583 |a last modification  |c 19990927 00:00:00  |k Rodrigo Vera 
999 |c 283323  |d 283321 
952 |0 0  |1 0  |4 0  |6 658_404000000000000_FIN_1998  |7 0  |8 A  |9 326298  |a BIBMEC  |b BIBMEC  |d 2019-11-20  |i 3563146  |o 658.404 FIN 1998  |p 3563146  |r 2024-01-19  |w 2019-11-20  |y BK  |k MEC 
952 |0 0  |1 0  |4 0  |6 658_404000000000000_FIN_1998  |7 0  |8 A  |9 326299  |a BIBMEC  |b BIBMEC  |d 2019-11-20  |i 3561496  |o 658.404 FIN 1998  |p 3561496  |r 2024-01-19  |w 2019-11-20  |y BK  |k MEC 
952 |0 0  |1 0  |4 0  |6 658_404000000000000_FIN_1998  |7 0  |8 A  |9 326300  |a BIBENE  |b BIBENE  |d 2019-11-20  |i 365284K  |o 658.404 FIN 1998  |p 365284K  |r 2025-01-15  |w 2019-11-20  |y BK  |k ICO 
952 |0 0  |1 0  |4 0  |6 658_404000000000000_FIN_1998  |7 0  |8 A  |9 326301  |a BIBENE  |b BIBENE  |d 2019-11-20  |i 3652858  |o 658.404 FIN 1998  |p 3652858  |r 2025-01-15  |w 2019-11-20  |y BK  |k ICO 
952 |0 0  |1 0  |4 0  |6 658_404000000000000_FIN_1998  |7 0  |8 A  |9 326302  |a BIBING  |b BIBING  |d 2019-11-20  |i 4093437  |o 658.404 FIN 1998  |p 4093437  |r 2025-01-20  |w 2019-11-20  |y BK  |k EII